000 00910nam a2200253Ia 4500
003 OSt
005 20220930070434.0
006 a|||||r|||| 00| 0
007 ta
008 220926b |||||||| |||| 00| 0 eng d
024 _a7013
037 _cTheses
040 _aCRL
_cCRL
_beng
041 _2eng
_aeng
100 _aRamnath
_9527145
110 _aUniversity of Delhi. Faculty of Medical Sciences. Department of Medicine
245 0 _aCorrelation of blood fibrinogen, free fatty acids and serum glutamate oxalocetate transminase levels as diagnotic and prognostic index of myocardial injury in cases of acute myocardial infarction
260 _c1977
650 _aMEDICINE
700 _a Dr K Aggarwal Supervisor
_9524154
700 _aUniversity of Delhi. Faculty of Medical Sciences. Department of Medicine
942 _cDIS
_2CC
999 _c860925
_d860925